| 000 | 00502nam a2200121Ia 4500 | ||
|---|---|---|---|
| 008 | 171212s9999 xx 000 0 und d | ||
| 100 | _aDuncan, Martha Grace | ||
| 245 |
_cDuncan, Martha Grace _aRomantic Outlaws, Beloved Prisons _bThe Unconscious Meanings of Crime and Punishment |
||
| 260 |
_bNew York University Press _c1996 |
||
| 650 | _aPrison psychology; Criminal psychology; Prisons in literature; Criminals in literature | ||
| 650 | _aSociology | ||
| 856 | _uhttp://www.jstor.org/stable/j.ctt9qg6p4 | ||
| 999 |
_c351552 _d351552 |
||